000 00994nas a2200337 4500
001 BR0200553
003 BR-BrBNA
005 20231205102700.0
007 ta
008 230509b bl.|||p| |||| 00| 00por d
040 _aBR-BrBNA
_bpor
_cBiblioteca Nacional de Agricultura
041 _a(Pt)
072 _aL73
100 1 _aAlmeida, A.C.
100 1 _aMeneses, A.M.
100 1 _aBernis, V.M.O.
100 1 _aSoares, T.M.P.
100 1 _aLoiola, C.F.
100 1 _aMarinovick, C.
100 1 _aFerreira, P.A.S.
245 1 _aSoroprevalência de brucelose canina na cidade de Alfenas, MG. Dados preliminares
650 _aCÃO
650 _aBRUCELOSE CANINA
650 _aEPIDEMIOLOGIA
650 _aAMOSTRAGEM
650 _aSANGUE
650 _aMINAS GERAIS
773 0 _tArquivo Brasileiro de Medicina Veterinária e Zootecnia (Brazil)
_xISSN 0102-0935
_g(Jun 2001), v. 53(3) p. 358-360
_wBR0200553
909 _a202311
_bLúcia
_c55
_dLúcia Elande
942 _2AGRIS
_n0
_cANA
999 _c168794
_d168794